| 000 | 00359nam a2200133Ia 4500 | ||
|---|---|---|---|
| 008 | 151213s9999 xx 000 0 und d | ||
| 100 | _aDuchy of Lancaster | ||
| 245 |
_aDevelopment And Training for Civil Servants . _cDuchy of Lancaster |
||
| 260 |
_aLondon _c1996 |
||
| 300 | _a3786 p. | ||
| 650 | _aReference | ||
| 700 | _aDuchy of Lancaster | ||
| 999 |
_c2498 _d2498 |
||